Global energy markets : (Record no. 19699)
[ view plain ]
| 000 -LEADER | |
|---|---|
| fixed length control field | 01065cam a22002535a 4500 |
| 001 - CONTROL NUMBER | |
| control field | 18048577 |
| 005 - DATE AND TIME OF LATEST TRANSACTION | |
| control field | 20151029141153.0 |
| 008 - FIXED-LENGTH DATA ELEMENTS--GENERAL INFORMATION | |
| fixed length control field | 140226s2012 ts a frb i001 0 eng d |
| 020 ## - INTERNATIONAL STANDARD BOOK NUMBER | |
| International Standard Book Number | 9789948145240 |
| 040 ## - CATALOGING SOURCE | |
| Original cataloging agency | NNU |
| Language of cataloging | eng |
| Transcribing agency | N15 |
| Modifying agency | OCLCO |
| -- | YDXCP |
| -- | NGU |
| -- | CDX |
| -- | OCLCF |
| -- | DLC |
| -- | EG-ScBUE |
| -- | EG-ScBUE |
| 082 04 - DEWEY DECIMAL CLASSIFICATION NUMBER | |
| Classification number | 333.794 |
| Item number | GLO |
| Edition number | 22 |
| 110 2# - MAIN ENTRY--CORPORATE NAME | |
| Corporate name or jurisdiction name as entry element | Emirates Center for Strategic Studies and Research. |
| Subordinate unit | Annual Energy Conference |
| Number of part/section/meeting | (17th : |
| Date of meeting or treaty signing | 2011 : |
| Location of meeting | Abu Dhabi, United Arab Emirates) |
| 9 (RLIN) | 38607 |
| 245 10 - TITLE STATEMENT | |
| Title | Global energy markets : |
| Remainder of title | changes in the strategic landscape / |
| Statement of responsibility, etc | the Emirates Centre for Strategic Studies and Research. |
| 260 ## - PUBLICATION, DISTRIBUTION, ETC. (IMPRINT) | |
| Place of publication, distribution, etc | Abu Dhabi : |
| Name of publisher, distributor, etc | The Emirates Centre for Strategic Studies and Research, |
| Date of publication, distribution, etc | 2012. |
| 300 ## - PHYSICAL DESCRIPTION | |
| Extent | xxiv, 423 p. : |
| Other physical details | ill. ; |
| Dimensions | 24 cm. |
| 500 ## - GENERAL NOTE | |
| General note | Index : p. 405-423. |
| 504 ## - BIBLIOGRAPHY, ETC. NOTE | |
| Bibliography, etc | Bibliography : p. 343-404. |
| 650 #0 - SUBJECT ADDED ENTRY--TOPICAL TERM | |
| Topical term or geographic name as entry element | Energy consumption |
| General subdivision | Economic aspects. |
| Source of heading or term | BUEsh |
| 650 #0 - SUBJECT ADDED ENTRY--TOPICAL TERM | |
| Topical term or geographic name as entry element | Power resources. |
| Source of heading or term | BUEsh |
| 650 #0 - SUBJECT ADDED ENTRY--TOPICAL TERM | |
| Topical term or geographic name as entry element | Renewable energy sources. |
| Source of heading or term | BUEsh |
| 651 ## - SUBJECT ADDED ENTRY--GEOGRAPHIC NAME | |
| Source of heading or term | BUEsh |
| 653 ## - INDEX TERM--UNCONTROLLED | |
| Resource For college | BAEPS, Economics |
| Arrived date list | June2015 |
| -- | October2015 |
| 942 ## - ADDED ENTRY ELEMENTS (KOHA) | |
| Source of classification or shelving scheme | Dewey Decimal Classification |
| Call number prefix | 333.794 GLO |
| Withdrawn status | Lost status | Source of classification or shelving scheme | Damaged status | Not for loan | Koha collection | Home library | Current library | Shelving location | Date acquired | Source of acquisition | Cost, normal purchase price | Serial Enumeration / chronology | Total Checkouts | Full call number | Barcode | Date last seen | Cost, replacement price | Koha item type |
|---|---|---|---|---|---|---|---|---|---|---|---|---|---|---|---|---|---|---|
| Dewey Decimal Classification | Alahram | Central Library | Central Library | First floor | 16/06/2015 | Purchase | 264.00 | 315 | 333.794 GLO | 000038565 | 15/07/2025 | 330.00 | Book - Borrowing |